000 00795nam a2200217Ia 4500
999 _c37756
_d37756
001 3732
003 GE_BSU
005 20190628163646.0
008 181216s2012||||ge |||||||||||||| ||geo||
020 _a9789941914973
040 _cGE_BSU
041 _ageo
080 _a821.33.1 გ–21
100 _aგარი, რომენ
_93074
245 _aცხოვრება წინაა :
_bრომანი /
_cრომენ გარი ; ფრანგ. თარგმნა თინა ღარიბაშვილმა.
264 _aთბილისი :
_bაგორა,
_c2011.
300 _a325 გვ.;
_b19 სმ.
653 _aრომანი
700 _aღარიბაშვილი, თინა
_eმთარგმნ.
_93075
942 _cBK
_2udc